| 000 | 00505nam a22001937a 4500 | ||
|---|---|---|---|
| 003 | OSt | ||
| 005 | 20140310182244.0 | ||
| 008 | 121114t xxu||||| |||| 00| 0 eng d | ||
| 020 | _a0671029282 | ||
| 050 |
_aPZ 7 _b.M646s24 1999 |
||
| 082 |
_aFIC# _bSAB #24 |
||
| 245 | _aMillennium madness / | ||
| 260 |
_aLondon : _bArchie comic Pub Inc., _c1999. |
||
| 300 |
_a359 p. ; _c18 cm. |
||
| 650 |
_aWitchcraft _xFiction _919284 |
||
| 650 |
_aWitches _xFiction _919285 |
||
| 942 |
_2lcc _cBK-FIC |
||
| 999 |
_c11197 _d11197 |
||